000 00461nam a2200181Ia 4500
008 090124s9999 xx 000 0 und d
082 _b24073
_a1722
100 _aपंडित नलिनी
245 _a गांधी
250 _a1
260 _c1983
300 _a272
600 _aपंडित नलिनी
630 _a गांधी
700 _aपंडित नलिनी
730 _a गांधी
942 _cBOOK
999 _c137649
_d137649